000 01053nas a2200313 4500
001 BR0707271
003 BR-BrBNA
005 20231205111340.0
007 ta
008 230509b bl.|||p| |||| 00| 00por d
040 _aBR-BrBNA
_bpor
_cBiblioteca Nacional de Agricultura
041 _a(Pt)
072 _aH10
100 1 _aVeloso, V.R.S.
100 1 _aFerreira, G.A.
100 1 _aFernandes, P.M.
100 1 _aDaza, N.A.C.
100 1 _aZucchi, R.A.
245 1 _aOcorrência e índice de infestação de Anastrepha Spp. (Dip., Tephritidae)em Pouteria Gardneriana Radlk. e Pouteria Ramiflora (Mart.)Radlk. (Sapotaceae), nos cerrados de Goiás
650 _aMOSCA DE FRUTA
650 _aPLANTA HOSPEDEIRA
650 _aSAPOTACEA
650 _aPARASITO
650 _aCERRADO
650 _aGÓIAS
773 0 _tAnais da Escola de Agronomia e Veterinária - Universidade Federal de Goiás (Brazil)
_xISSN 0100-218X
_g(Jul-Dec 1996), v. 26(2) p. 109-120
_wBR0707271
909 _a202311
_bLúcia
_c55
_dLúcia Elande
942 _2AGRIS
_n0
_cANA
999 _c192188
_d192188